中国所有民族自治县 - Statistics

General Stats
  • This quiz has been taken 14 times
  • The average score is 71 of 117
Answers on the Map
Answers color-coded by a green-red scale on the quiz's map according to % correct below.
 
Answer Stats
Answer % Correct
本溪市 本溪满族自治县
100%
阜新市 阜新蒙古族自治县
100%
承德市 围场满族蒙古族自治县
89%
鞍山市 岫岩满族自治县
89%
本溪市 桓仁满族自治县
89%
白山市 长白朝鲜族自治县
89%
大庆市 杜尔伯特蒙古族自治县
89%
丽水市 景宁畲族自治县
89%
省直辖 白沙黎族自治县
89%
省直辖 乐东黎族自治县
89%
省直辖 陵水黎族自治县
89%
张掖市 肃南裕固族自治县
89%
酒泉市 肃北蒙古族自治县
89%
酒泉市 阿克塞哈萨克族自治县
89%
喀什地区 塔什库尔干塔吉克自治县
89%
秦皇岛市 青龙满族自治县
78%
承德市 丰宁满族自治县
78%
朝阳市 喀喇沁左翼蒙古族自治县
78%
省直辖 保亭黎族苗族自治县
78%
省直辖 琼中黎族苗族自治县
78%
重庆市 石柱土家族自治县
78%
重庆市 秀山土家族苗族自治县
78%
重庆市 酉阳土家族苗族自治县
78%
重庆市 彭水苗族土家族自治县
78%
丽江市 玉龙纳西族自治县
78%
普洱市 孟连傣族拉祜族佤族自治县
78%
临夏回族自治州 积石山保安族东乡族撒拉族自治县
78%
海东市 互助土族自治县
78%
承德市 宽城满族自治县
67%
沧州市 孟村回族自治县
67%
廊坊市 大厂回族自治县
67%
抚顺市 新宾满族自治县
67%
松原市 前郭尔罗斯蒙古族自治县
67%
邵阳市 城步苗族自治县
67%
怀化市 新晃侗族自治县
67%
清远市 连南瑶族自治县
67%
桂林市 龙胜各族自治县
67%
河池市 巴马瑶族自治县
67%
省直辖 昌江黎族自治县
67%
绵阳市 北川羌族自治县
67%
毕节市 威宁彝族回族苗族自治县
67%
黔南布依族苗族自治州 三都水族自治县
67%
昆明市 石林彝族自治县
67%
丽江市 宁蒗彝族自治县
67%
临沧市 双江拉祜族佤族布朗族傣族自治县
67%
红河哈尼族彝族自治州 金平苗族瑶族傣族自治县
67%
天水市 张家川回族自治县
67%
临夏回族自治州 东乡族自治县
67%
西宁市 大通回族土族自治县
67%
海东市 化隆回族自治县
67%
海北藏族自治州 门源回族自治县
67%
哈密市 巴里坤哈萨克自治县
67%
伊犁哈萨克自治州 察布查尔锡伯自治县
67%
抚顺市 清原满族自治县
56%
丹东市 宽甸满族自治县
56%
宜昌市 长阳土家族自治县
56%
宜昌市 五峰土家族自治县
56%
怀化市 麻阳苗族自治县
56%
怀化市 芷江侗族自治县
56%
怀化市 通道侗族自治县
56%
韶关市 乳源瑶族自治县
56%
清远市 连山壮族瑶族自治县
56%
柳州市 三江侗族自治县
56%
桂林市 恭城瑶族自治县
56%
百色市 隆林各族自治县
56%
河池市 环江毛南族自治县
56%
乐山市 峨边彝族自治县
56%
乐山市 马边彝族自治县
56%
凉山彝族自治州 木里藏族自治县
56%
铜仁市 印江土家族苗族自治县
56%
铜仁市 松桃苗族自治县
56%
玉溪市 新平彝族傣族自治县
56%
普洱市 墨江哈尼族自治县
56%
普洱市 澜沧拉祜族自治县
56%
临沧市 沧源佤族自治县
56%
红河哈尼族彝族自治州 河口瑶族自治县
56%
大理白族自治州 漾濞彝族自治县
56%
怒江傈僳族自治州 贡山独龙族怒族自治县
56%
怒江傈僳族自治州 兰坪白族普米族自治县
56%
武威市 天祝藏族自治县
56%
海东市 循化撒拉族自治县
56%
昌吉回族自治州 木垒哈萨克自治县
56%
巴音郭楞蒙古自治州 焉耆回族自治县
56%
永州市 江华瑶族自治县
44%
怀化市 靖州苗族侗族自治县
44%
贺州市 富川瑶族自治县
44%
河池市 大化瑶族自治县
44%
遵义市 道真仡佬族苗族自治县
44%
遵义市 务川仡佬族苗族自治县
44%
安顺市 关岭布依族苗族自治县
44%
安顺市 紫云苗族布依族自治县
44%
铜仁市 沿河土家族自治县
44%
昆明市 禄劝彝族苗族自治县
44%
昆明市 寻甸回族彝族自治县
44%
玉溪市 峨山彝族自治县
44%
玉溪市 元江哈尼族彝族傣族自治县
44%
普洱市 宁洱哈尼族彝族自治县
44%
普洱市 景东彝族自治县
44%
普洱市 景谷傣族彝族自治县
44%
普洱市 镇沅彝族哈尼族拉祜族自治县
44%
普洱市 江城哈尼族彝族自治县
44%
临沧市 耿马傣族佤族自治县
44%
红河哈尼族彝族自治州 屏边苗族自治县
44%
大理白族自治州 巍山彝族回族自治县
44%
迪庆藏族自治州 维西傈僳族自治县
44%
海东市 民和回族土族自治县
44%
黄南藏族自治州 河南蒙古族自治县
44%
塔城地区 和布克赛尔蒙古自治县
44%
四平市 伊通满族自治县
33%
柳州市 融水苗族自治县
33%
河池市 罗城仫佬族自治县
33%
河池市 都安瑶族自治县
33%
来宾市 金秀瑶族自治县
33%
安顺市 镇宁布依族苗族自治县
33%
铜仁市 玉屏侗族自治县
33%
普洱市 西盟佤族自治县
33%
大理白族自治州 南涧彝族自治县
33%
No matching quizzes found
Score Distribution
Percent of People with Each Score
Percentile by Number Answered
Your Score History
You have not taken this quiz